000 00845nam a2200193Ia 4500
003 Ost
005 20260507075804.0
008 260507s9999||||xx |||||||||||||| ||und||
040 _cfsecg
041 _aara
100 _aبطرس، ماهر طاهر
_eمؤلف
245 0 _aالنقود والبنوك /
_c ماهر طاهر بطرس
260 _aالقاهرة:
_bمطبعة مركز التعليم المفتوح,
_c1999
300 _a279 صفحة؛
_bإيضاحات ؛
_c24 سم
520 _aالنقود، أنواع النقود، القاعدة النقدية، قيمة النقود ومستوى الأسعار، قيمة النقود والتبادل الدولي، البنوك، مشكة السيولة، البنوك المتخصصة.
653 _aالبنوك التجارية
653 _aالنقود
942 _cكتاب
999 _c46367
_d46367